When Harry Met Shakespeare Quiz Stats

 Plays Quiz Updated Jun 12, 2017

Support Sporcle.
Go Orange.
Score 0/7 Timer 01:30
0 Plays Today
% Correct
Goblet of Fire
92.3%
Prisoner of Azkaban
90.9%
Philosopher's (Sorcerer's) Stone
88.4%
Chamber of Secrets
81.5%
Deathly Hallows
79.7%
Order of the Phoenix
79%
Half-Blood Prince
70.7%

You're not logged in!

Compare scores with friends on all Sporcle quizzes.
OR
Log In
Forgot?

From the Vault

Song Titles in Opening Lyrics

by Kicking222

Thankfully the Hokey Pokey is not an answer here.
Remove Ads.
Support Sporcle.
Get the best of Sporcle when you Go Orange. This ad-free experience offers more features, more stats, and more fun while also helping to support Sporcle. Thank you for becoming a member.

Show Comments

Extras

Top Quizzes Today


Score Distribution

Your Account Isn't Verified!

In order to create a playlist on Sporcle, you need to verify the email address you used during registration. Go to your Sporcle Settings to finish the process.

Report this User

Report this user for behavior that violates our Community Guidelines.

Details: